De Saturno a Plutón

Uloženo v:
Podrobná bibliografie
Médium: Kniha
Jazyk:španělština
Vydáno: Madrid Alianza 1984
Edice:Ciencia y Técnica
Témata:
Tagy: Přidat tag
Žádné tagy, Buďte první, kdo vytvoří štítek k tomuto záznamu!

MARC

LEADER 00000nam a2200000 a 4500
001 UCT1049
003 CL-VaPUC
008 960913e19840000SP |||||||||||||||||spa|d
082 0 4 |a 523.4  |b ASI  |2 21 
245 1 0 |a De Saturno a Plutón 
300 |a 203 p 
942 |c BK 
945 |d 19960913 00:00:00  |a paguirre 
260 |a Madrid  |b Alianza  |c 1984 
600 0 7 |a PLUTON  |2 CL-VaPUC  |9 369739 
600 0 7 |a SATURNO  |2 CL-VaPUC  |9 369740 
650 7 |a PLANETAS  |2 CL-VaPUC  |9 352277 
650 7 |a SISTEMA SOLAR  |2 CL-VaPUC  |9 268650 
650 0 |a Astronomía  |9 260985 
650 7 |a CUERPOS CELESTES  |2 CL-VaPUC  |9 310384 
583 |a last modification  |c 19960913 00:00:00  |k Rodrigo Vera 
490 0 |a Ciencia y Técnica 
999 |c 251718  |d 251716 
952 |0 0  |1 0  |4 0  |6 523_400000000000000_ASI_1984  |7 0  |8 A  |9 271069  |a BIBCUR  |b BIBCUR  |d 2019-11-19  |i 1746049  |o 523.4 ASI 1984  |p 1746049  |r 2025-04-22  |w 2019-11-19  |y BK  |k BCB 
952 |0 0  |1 0  |4 0  |6 523_400000000000000_ASI_1984  |7 0  |8 A  |9 271070  |a BIBCUR  |b BIBCUR  |d 2019-11-19  |i 1746065  |o 523.4 ASI 1984  |p 1746065  |r 2025-04-22  |w 2019-11-19  |y BK  |k BCB